Science Quiz

Random Science or Astronomy Quiz
Score 0/16 Timer 05:00
6 Plays Today
% Correct
New Red Spot Appears on Jupiter
87.1%
M74 spiral galaxy
83.8%
Butterfly Nebula, NGC 6302
80.1%
'Pillars of Creation'
79.2%
Sombrero Galaxy
77.9%
Hubble Ultra Deep Field
74.2%
Cat’s Eye Nebula
73.1%
Stephan’s Quintet
70.4%
% Correct
Interacting Galaxies NGC 2207
and IC 2163
68.8%
Hodge 301
66.8%
Horsehead Nebula
58.9%
Crab Nebula
58.6%
IRAS 20324+4057
50.4%
NGC 6670
49.4%
Cigar Galaxy, M82
47.1%
Thackeray’s Globules
46.1%

You're not logged in!

Compare scores with friends on all Sporcle quizzes.
OR
Log In

Sporcle TV

Today on Sporcle TV


Watch our educational content, quiz creation guides, and fun videos on Sporcle TV.

Show Comments

Extras

Top Quizzes Today


Score Distribution

Paid Content

Your Account Isn't Verified!

In order to create a playlist on Sporcle, you need to verify the email address you used during registration. Go to your Sporcle Settings to finish the process.

Report this User

Report this user for behavior that violates our Community Guidelines.

Details: